Textbook of Operating Systems (Record no. 3761)
[ view plain ]
| 000 -LEADER | |
|---|---|
| fixed length control field | 00354nam a2200145Ia 4500 |
| 008 - FIXED-LENGTH DATA ELEMENTS--GENERAL INFORMATION | |
| fixed length control field | 191201s2008 xx 000 0 und d |
| 020 ## - INTERNATIONAL STANDARD BOOK NUMBER | |
| International Standard Book Number | 9788190744812 |
| 082 ## - DEWEY DECIMAL CLASSIFICATION NUMBER | |
| Classification number | 005.43 |
| Item number | SIT |
| 100 ## - MAIN ENTRY--PERSONAL NAME | |
| Personal name | SINGH, Jatinder |
| 245 #0 - TITLE STATEMENT | |
| Title | Textbook of Operating Systems |
| 260 ## - PUBLICATION, DISTRIBUTION, ETC. (IMPRINT) | |
| Place of publication, distribution, etc | N.Delhi |
| Name of publisher, distributor, etc | Khanna Publisher |
| Date of publication, distribution, etc | 2008 |
| 300 ## - PHYSICAL DESCRIPTION | |
| Extent | 962 |
| 650 ## - SUBJECT ADDED ENTRY--TOPICAL TERM | |
| Topical term or geographic name as entry element | MCA |
| 942 ## - ADDED ENTRY ELEMENTS (KOHA) | |
| Source of classification or shelving scheme | Dewey Decimal Classification |
| Koha item type | Text Books |
| Withdrawn status | Lost status | Source of classification or shelving scheme | Damaged status | Not for loan | Collection code | Home library | Current library | Date acquired | Source of acquisition | Cost, normal purchase price | Bill Number | Total Checkouts | Full call number | Acc. no. / Barcode | Date last seen | Date last borrowed | Bill Date | Koha item type |
|---|---|---|---|---|---|---|---|---|---|---|---|---|---|---|---|---|---|---|
| Dewey Decimal Classification | MCA | PIET C-LIBRARY | PIET C-LIBRARY | 24/02/2009 | J B C, New Delhi | 410.00 | SI-5274 | 1 | 005.43 SIT | 11126 | 08/12/2022 | 30/11/2022 | 21/01/2009 | Text Books | ||||
| Dewey Decimal Classification | MCA | PIET C-LIBRARY | PIET C-LIBRARY | 24/02/2009 | J B C, New Delhi | 410.00 | SI-5274 | 005.43 SIT | 11127 | 04/12/2019 | 21/01/2009 | Text Books | ||||||
| Dewey Decimal Classification | Computer Science & Engineering in Cyber Security | PIET C-LIBRARY | PIET C-LIBRARY | 24/02/2009 | J B C, New Delhi | 410.00 | SI-5274 | 5 | 005.43 SIT | 11128 | 12/12/2022 | 29/11/2022 | 21/01/2009 | Text Books | ||||
| Dewey Decimal Classification | Computer Science & Engineering in Cyber Security | PIET C-LIBRARY | PIET C-LIBRARY | 24/02/2009 | J B C, New Delhi | 410.00 | SI-5274 | 005.43 SIT | 11129 | 04/12/2019 | 21/01/2009 | Text Books | ||||||
| Dewey Decimal Classification | Computer Science and Engineering in AI & Machine Learning | PIET C-LIBRARY | PIET C-LIBRARY | 24/02/2009 | J B C, New Delhi | 410.00 | SI-5274 | 005.43 SIT | 11130 | 04/12/2019 | 21/01/2009 | Text Books |